Проблемы экономической безопасности: теория и практика. Т. 1 монография Т. 1 Проблемы экономической безопасности: теория и практика. Т. 1
В коллективной монографии рассматриваются концептуальные и практические аспекты обеспечения экономической безопасности страны, региона, хозяйствующего субъекта. Особое внимание в работе уделено анализу социально-экономических, демографических, финансовых факторов обеспечения экономической безопаснос...
Guardat en:
| Autor principal: | |
|---|---|
| Altres autors: | , , , , , , , , , , , , , , , , |
| Format: | Книга |
| Idioma: | Russian |
| Publicat: |
Екатеринбург
УГЛТУ
2020
|
| Accés en línia: | https://e.lanbook.com/book/171776 https://e.lanbook.com/img/cover/book/171776.jpg |
| Etiquetes: |
Afegir etiqueta
Sense etiquetes, Sigues el primer a etiquetar aquest registre!
|
| LEADER | 04043nam0a2200469 i 4500 | ||
|---|---|---|---|
| 001 | 171776 | ||
| 003 | RuSpLAN | ||
| 005 | 20221220174125.0 | ||
| 008 | 221220s2020 ru gs 000 0 rus | ||
| 020 | |a 978-5-94984-769-5 | ||
| 040 | |a RuSpLAN | ||
| 041 | 0 | |a rus | |
| 044 | |a ru | ||
| 080 | |a 330.11 | ||
| 084 | |a 65.01-983 |2 rubbk | ||
| 245 | 1 | |a Проблемы экономической безопасности: теория и практика. Т. 1 |b монография |c Шинкарева О. В.,Минаков А. В.,Егорова Е. В.,Саушева О. С.,Мальцев Н. В.,Логинов А. Л.,Бутко Г. П.,Егина Н. А.,Федонина О. В.,Хосиев Б. Н.,Гурдзибеева А. А.,Меликян Л. А.,Булацева Ф. А.,Капустина Ю. А.,Ростовская Ю. Н.,Бабакова О. М.,Долженко Л. М.,Колесников С. И. |n Т. 1 |p Проблемы экономической безопасности: теория и практика. Т. 1 | |
| 260 | |a Екатеринбург |b УГЛТУ |c 2020 | ||
| 300 | |a 213 с. | ||
| 504 | |a Библиогр.: доступна в карточке книги, на сайте ЭБС Лань | ||
| 520 | 8 | |a В коллективной монографии рассматриваются концептуальные и практические аспекты обеспечения экономической безопасности страны, региона, хозяйствующего субъекта. Особое внимание в работе уделено анализу социально-экономических, демографических, финансовых факторов обеспечения экономической безопасности, а также роли конкуренции и структуры источников финансирования бизнеса в обеспечении экономической безопасности предприятий в условиях рисков и неопределенности. Представлены результаты исследования основных направлений развития методологии оценки экономической безопасности на макро- и микроуровнях. Работа носит практико-ориентированный характер и может быть полезна специалистам в области государственного и муниципального управления и прогнозирования социально-экономического развития территорий, практикующим юристам и экономистам, а также обучающимся по специальности «Экономическая безопасность», аспирантам и преподавателям высших учебных заведений. | |
| 521 | 8 | |a Книга из коллекции УГЛТУ - Экономика и менеджмент | |
| 100 | 1 | |a Шинкарева О. В. | |
| 700 | 1 | |a Минаков А. В. | |
| 700 | 1 | |a Егорова Е. В. | |
| 700 | 1 | |a Саушева О. С. | |
| 700 | 1 | |a Мальцев Н. В. | |
| 700 | 1 | |a Логинов А. Л. | |
| 700 | 1 | |a Бутко Г. П. | |
| 700 | 1 | |a Егина Н. А. | |
| 700 | 1 | |a Федонина О. В. | |
| 700 | 1 | |a Хосиев Б. Н. | |
| 700 | 1 | |a Гурдзибеева А. А. | |
| 700 | 1 | |a Меликян Л. А. | |
| 700 | 1 | |a Булацева Ф. А. | |
| 700 | 1 | |a Капустина Ю. А. | |
| 700 | 1 | |a Ростовская Ю. Н. | |
| 700 | 1 | |a Бабакова О. М. | |
| 700 | 1 | |a Долженко Л. М. | |
| 700 | 1 | |a Колесников С. И. | |
| 856 | 4 | |u https://e.lanbook.com/book/171776 | |
| 856 | 4 | 8 | |u https://e.lanbook.com/img/cover/book/171776.jpg |
| 953 | |a https://e.lanbook.com/img/cover/book/171776.jpg | ||